000 00617nam a2200229Ia 4500
003 IT-RoPAU
008 120407s9999 xx 000 0 und d
040 _aIT-RoPAU
040 _cIT-RoPAU
041 _aita
100 _aKelly John Norman Davidson
245 _aIl pensiero cristiano delle origini
250 _aBologna
260 _aIl Mulino
260 _c1972
300 _c21 cm
490 _aCollana di studi religiosi
490 _v1
600 _a"Tit. orig.: Early Christian doctrines. Trad. M. Girardet. 1. - Teologia Storia Sec. I-V I - Girardet Maria 230"
942 _cBK
999 _c14253
_d14253